| 000 | 02336nam a2200409 c 4500 | ||
|---|---|---|---|
| 003 | BLK | ||
| 005 | 20180420220215.0 | ||
| 008 | 180407b bul|||||r ||||||| ||bul|| | ||
| 010 | _aKNG00030765000 | ||
| 040 | _aBLK | ||
| 041 |
_aBUL _cBUL |
||
| 080 |
_aХранителна и консервна промишленост _b664 _x _z664 |
||
| 080 |
_aРазлични производства (промишлености) и занаяти. Лека промишленост _b67/68 _x _z67/68 |
||
| 080 |
_aСтроителство. Строителни материали. Строително-монтажни работи _b69 _x _z69 |
||
| 080 |
_aИздания за деца и юноши. Книжки-картинки. Читанки. Вж и 372.4 _b087.5 _x _z087.5 |
||
| 100 | 1 |
_aКук, Джанет _eпърви автор _9249301 |
|
| 700 | 1 |
_aГауър, Тери _eил. _951548 |
|
| 700 | 1 |
_aБонд, Шърли _e* _9269629 |
|
| 700 | 1 |
_aБрукс, Фелисити _e* _9269630 |
|
| 700 | 1 |
_aЕдъм, Хелън _e* _966761 |
|
| 139 |
_aОткъде идват нещата около нас? _bО 91 |
||
| 245 | 1 | 0 |
_aОткъде идват нещата около нас? _cДжанет Кук; ил. Тери Гауър; * Шърли Бонд; * Фелисити Брукс; * Хелън Едъм. |
| 260 |
_аСофия _bФют _c2000 |
||
| 300 |
_a72 с. _bс ил. _c20 см |
||
| 380 | _aDN | ||
| 490 | 1 | _aИскам да знам | |
| 500 | _aОриг. загл. Where Things Come from? - Други авт.: Ш. Бонд, Ф. Брукс, Х. Едъм ; Други ил.: Г. Смит, К. Лайън. - Офс. изд. Съдържа: Откъде идва храната? / Джанет Кук, Шърли Бонд ; Ил. Тери Гауър, Гай Смит. Как се правят нещата? / Фелисити Брукс ; Ил. Гай Смит, Тери Гауър. Как и какво строят хората? / Хелън Едъм ; Ил. Гай Смит, Тери Гауър, Крис Лайън. | ||
| 653 | _aкниги-игри | ||
| 653 | _aготварство | ||
| 653 | _aстроителство | ||
| 653 | _aизобретения | ||
| 852 | _aЦб 196185 | ||
| 856 | 4 |
_qpdf _u |
|
| 856 | 4 |
_qpdf _u |
|
| 942 |
_cKNG _n0 |
||
| 944 |
_aCR _c15.01.2003 _kКети_Илиева |
||
| 944 |
_aED _c10.08.2015 _kКети_Илиева |
||
| 999 |
_c28173 _d28173 |
||